Co trzeba wiedziec o Wspólnotach Europejskich i Unii Europejskiej przewodnik po Wspólnotach Europejskich

Gespeichert in:
Bibliographische Detailangaben
Weitere Verfasser: Wiszniewski, Wojciech
Format: Buch
Sprache:Polnisch
Veröffentlicht: Warszawa Instytut Organizacji i Zarzadzania w Przemysle ORGMASZ 1998
Schlagworte:
Tags: Tag hinzufügen
Keine Tags, Fügen Sie das erste Tag hinzu!

MARC

LEADER 00000nam a2200000 4500
001 c117885
005 20221221081916.4
020 |a 83-86929-54-5 
041 0 |a pol 
044 |a PL 
245 1 0 |a Co trzeba wiedziec o Wspólnotach Europejskich i Unii Europejskiej  |b przewodnik po Wspólnotach Europejskich  |c Praca zespolowa pod kierunkiem Wojciecha Wiszniewskiego 
264 1 |a Warszawa  |b Instytut Organizacji i Zarzadzania w Przemysle ORGMASZ  |c 1998 
300 |a 143 s. 
610 2 0 |a integrácia ekonomická medzinárodná 
610 2 0 |a spolupráca hospodárska medzinárodná 
610 2 0 |a spolupráca medzinárodná 
610 2 0 |a zmluvy medzinárodné 
610 2 0 |a organizácie ekonomické medzinárodné 
610 2 0 |a organizácie medzinárodné 
610 2 0 |a politika bezpečnostná 
610 2 0 |a právo 
610 2 0 |a právo medzinárodné 
610 2 0 |a politika medzinárodná 
610 2 0 |a inštitúcia 
610 2 0 |a politika hospodárska medzinárodná 
610 2 0 |a rozpočty 
610 2 0 |a obchod 
610 2 0 |a banky 
610 2 0 |a regióny 
610 2 0 |a audit 
610 2 0 |a Európa 
610 2 0 |a Európska únia 
610 2 0 |a Európske spoločenstvá 
700 1 |a Wiszniewski, Wojciech